The noble scholar, jurist, historian


 His Excellency Dr. Abdul Wahhab bin Ibrahim Abu Sulaiman, may Allah have mercy on him.


 He was born in Umm Al-Qura in the year 1356 AH.

كتاب فضائل القرآن وما جاء فيه من الفضل وفي كم يقرأ والسنة في ذلك / (Record no. 8544)

MARC details
000 -LEADER
fixed length control field 01801cam a22003371i 4500
003 - CONTROL NUMBER IDENTIFIER
control field SA-RiAUC
005 - DATE AND TIME OF LATEST TRANSACTION
control field 20250530161904.0
008 - FIXED-LENGTH DATA ELEMENTS--GENERAL INFORMATION
fixed length control field 250528s1989 su f b 001 0 ara c
040 ## - CATALOGING SOURCE
Original cataloging agency SA-RiAUC
Language of cataloging ara
Transcribing agency SA-RiAUC
Description conventions rda
050 #4 - LIBRARY OF CONGRESS CALL NUMBER
Item number .F57 1989
082 04 - DEWEY DECIMAL CLASSIFICATION NUMBER
Classification number 229.2
Assigning agency SA-RiAUC
090 ## - LOCALLY ASSIGNED LC-TYPE CALL NUMBER (OCLC); LOCAL CALL NUMBER (RLIN)
Classification number (OCLC) (R) ; Classification number, CALL (RLIN) (NR) 229.2
Local cutter number (OCLC) ; Book number/undivided call number, CALL (RLIN) ف ر ي
100 1# - MAIN ENTRY--PERSONAL NAME
Personal name الفريابي، جعفر بن محمد بن الحسن،
Dates associated with a name 207-301 هجري
Relator term مؤلف.
245 10 - TITLE STATEMENT
Title كتاب فضائل القرآن وما جاء فيه من الفضل وفي كم يقرأ والسنة في ذلك /
Statement of responsibility, etc. تأليف أبي بكر جعفر بن محمد بن الحسن الفريابي ؛ تحقيق وتخريج ودراسة يوسف عثمان فضل الله جبريل.
246 30 - VARYING FORM OF TITLE
Title proper/short title فضائل القرآن وما جاء فيه من الفضل وفي كم يقرأ والسنة في ذلك
250 ## - EDITION STATEMENT
Edition statement الطبعة الأولى.
264 #1 - PRODUCTION, PUBLICATION, DISTRIBUTION, MANUFACTURE, AND COPYRIGHT NOTICE
Place of production, publication, distribution, manufacture الرياض :
Name of producer, publisher, distributor, manufacturer مكتبة الرشد،
Date of production, publication, distribution, manufacture, or copyright notice 1989
300 ## - PHYSICAL DESCRIPTION
Extent 311 صفحة ؛
Dimensions 24 سم
336 ## - CONTENT TYPE
Content type term نص
Content type code txt
Source rdacontent
Materials specified كتاب
337 ## - MEDIA TYPE
Media type term بدون وسيط
Media type code n
Source rdamedia
338 ## - CARRIER TYPE
Carrier type term مجلد
Carrier type code nc
Source rdacarrier
500 ## - GENERAL NOTE
General note يشتمل على كشافات.
500 ## - GENERAL NOTE
General note الأصل أطروحة (ماجستير)-جامعة الملك سعود.
504 ## - BIBLIOGRAPHY, ETC. NOTE
Bibliography, etc. note يشتمل على إرجاعات ببليوجرافية.
630 27 - SUBJECT ADDED ENTRY--UNIFORM TITLE
Uniform title القرآن
General subdivision فضائل
Source of heading or term aucut
700 12 - ADDED ENTRY--PERSONAL NAME
Relationship information تحقيق لـ :
Personal name الفريابي، جعفر بن محمد بن الحسن،
Dates associated with a name 207-301 هجري.
Title of a work كتاب فضائل القرآن وما جاء فيه من الفضل، وفي كم يقرأ، والسنة في ذلك
700 1# - ADDED ENTRY--PERSONAL NAME
Personal name جبريل، يوسف بن عثمان فضل الله
Relator term محقق.
730 22 - ADDED ENTRY--UNIFORM TITLE
Uniform title القرآن
942 ## - ADDED ENTRY ELEMENTS (KOHA)
Source of classification or shelving scheme Dewey Decimal Classification
Koha item type Books
Suppress in OPAC No
949 ## - LOCAL PROCESSING INFORMATION (OCLC)
a SA-JeALM
d 250528
u osman123
n 1
Holdings
Withdrawn status Lost status Source of classification or shelving scheme Damaged status Not for loan Home library Current library Date acquired Total checkouts Full call number Barcode Date last seen Price effective from Koha item type
    Dewey Decimal Classification     DR AbdElwahab Library DR AbdElwahab Library 05/30/2025   229.2 ف ر ي 000014193 05/30/2025 05/30/2025 Books